Statistiques concernant Phylogénie : Les Suinae

Cliquez ici pour prendre le quiz!

Statistiques générales

  • Ce quiz a été pris 4 fois
  • Le résultat moyen est 7 sur 22

Statistiques - réponses

Sous-familleGenreNom scientifiqueEspèce% Correct
SuidaePhacochoerusPhacochoerus africanusPhacochère commun
100%
SuidaePhacochoerusPhacochoerus aethiopicusPhacochère du désert
100%
SuidaeSusSus scrofaSanglier
100%
SuidaeBabyrousaBabyrousa celebensisBabiroussa des Célèbes
50%
SuidaeHylochoerusHylochoerus meinertzhageniHylochère
50%
SuidaePotamochoerusPotamochoerus larvatusPotamochère du Cap
50%
SuidaeSusSus barbatusSanglier à barbe / Sanglier à moustace
50%
SuidaeSusSus verrucosusSanglier de Java
50%
SuidaeSusSus celebensisSanglier des Célèbes
50%
SuidaeSusSus philippensisSanglier des Philippines
50%
SuidaeBabyrousaBabyrousa togeanensisBabiroussa de l'île Togian
0%
SuidaeBabyrousaBabyrousa babyrussaBabiroussa poilu / Babiroussa doré
0%
SuidaeBabyrousaBabyrousa bolabatuensisBola batu
0%
TayasuidaePecariPecari tajacuPécari à collier
0%
TayasuidaeTayassuTayassu pecariPécari à lèvres blanches
0%
TayasuidaeCatagonusCatagonus wagneriPécari du Chaco
0%
SuidaePotamochoerusPotamochoerus porcusPotamochère Roux
0%
SuidaeSusSus oliveriSanglier de Mindoro
0%
SuidaeSusSus cebifronsSanglier des Visayas
0%
SuidaeSusSus bucculentusSanglier du Vietnam
0%
SuidaeSusSus ahoenobarbusSanglier géant de Palawan
0%
SuidaePorculaPorcula salvaniaSanglier nain
0%

Distribution des résultats

Percentile par nombre de réponses

% des personnes avec chaque résultat

Votre développement - résultats

Vous n’avez pas pris ce quiz